000
00241nam a2200109Ia 4500
008
190216s9999||||xx |||||||||||||| ||und||
100
_a
Gopinathan K
245
0
_a
Chithi
260
_b
Current Books
650
_a
Malayalam Novel
942
_c
BK
999
_c
24632
_d
24632